Únor v české literatuře : literární pásmo /

Hlavní autor: Mariánek, Jaromír
Jazyk: Čeština
Vydáno: Kladno : Krajská knihovna, 1973
Edice: Metodické texty
Témata:
Fyzický popis: 19 s.
Knihy
Uloženo v:
LEADER 00631nam a2200205 a 4500
001 000612565
003 CZ BrMZK
005 20110421103825.0
008 020725s1973 xr f cze d
040 |a BOA001  |b cze  |c BOA001 
100 1 |a Mariánek, Jaromír  |7 mzk2011635676  |4 aut 
245 1 0 |a Únor v české literatuře :  |b literární pásmo /  |c zpracoval Jaromír Mariánek 
260 |a Kladno :  |b Krajská knihovna,  |c 1973 
300 |a 19 s. 
490 1 |a Metodické texty ;  |v č. 57 
504 |a Bibliografie na s. 19 
830 0 |a Metodické texty 
910 |a BOA001  |b X2-0693.116 
964 |a Únor 1948 - literární pásma 
990 |a BK